Countries of Asia by Population - Statistics

General Stats
  • This quiz has been taken 64 times
  • The average score is 44 of 48
Answer Stats
Hint Answer % Correct
1.42 Billion C China
100%
1.46 Billion I India
100%
285 Million I Indonesia
100%
123 Million J Japan
100%
255 Million P Pakistan
100%
92 Million I Iran
98%
47 Million I Iraq
98%
54 Million M Myanmar
98%
116 Million P Philippines
98%
51 Million S South Korea
98%
101 Million V Vietnam
98%
41 Million Y Yemen
98%
71 Million T Thailand
96%
87 Million T Turkey
96%
37 Million U Uzbekistan
96%
43 Million A Afghanistan
95%
175 Million B Bangladesh
95%
35 Million M Malaysia
95%
20 Million K Kazakhstan
93%
26 Million N North Korea
93%
5.84 Million L Lebanon
91%
5.4 Million O Oman
91%
11.3 Million U United Arab Emirates
91%
3.8 Million G Georgia
89%
11.5 Million J Jordan
89%
5 Million K Kuwait
89%
7.2 Million K Kyrgyzstan
89%
29 Million N Nepal
89%
3.1 Million Q Qatar
89%
23.1 Million T Taiwan
89%
466 Thousand B Brunei
88%
17 Million C Cambodia
88%
34 Million S Saudi Arabia
88%
5.87 Million S Singapore
88%
23.2 Million S Sri Lanka
88%
25 Million S Syria
88%
2 Million A Armenia
86%
10.3 Million A Azerbaijan
86%
1.6 Million B Bahrain
86%
1.4 Million E East Timor
86%
9 Million I Israel
86%
10.7 Million T Tajikistan
86%
7.8 Million L Laos
84%
7.6 Million T Turkmenistan
84%
796 Thousand B Bhutan
82%
529 Thousand M Maldives
82%
3.5 Million M Mongolia
77%
1.3 Million C Cyprus
75%
No matching quizzes found
Score Distribution
Percent of People with Each Score
Percentile by Number Answered
Your Score History
You have not taken this quiz